Statistics for The flash TV show

Click here to take the quiz!

General Stats

  • This quiz has been taken 2,947 times
  • The average score is 12 of 16

Answer Stats

Hint Answer % Correct
The flashBarry Allen
99%
the flash's foster sisterIris West
94%
the flash's foster fatherJoe West
93%
Tech genius, works at star labsCisco Ramon
92%
extremely persistant villain, has a cold gunLeonard Snart
84%
the founder of star labsHarrison Wells
82%
main bad guyReverse flash
79%
super smart, telekenetic gorillagorilla grodd
77%
docter , works at star labsCaitlin Snow
69%
the prison that the flash's dad is taken toIron Heights
67%
Oliver queen, appears in crossover episodesThe Arrow
63%
joins with martin stein to make firestormRonnie Raymond
60%
the flash's moms nameNora Allen
55%
the Reverse flashEobard Thawne
55%
futuristic AI program created by the flashGideon
53%
what gave the flash and every one else their powers with an explosionparticle accelerator
53%

Score Distribution

Percentile by Number Answered

Percent of People with Each Score

Your Score History

You have not taken this quiz